000 02239nam a2200373 i 4500
003 DO-SdBNP
005 20260116105540.0
007 ta
008 251112b1997 dr ||||| |||| 00| 0 spa d
040 _aDO-SdBNP
_bspa
_cBNPHU
_erda
041 _aspa
082 4 _a302
_bM516p
_222
100 1 _a Mejía-Ricart G., Tirso,
_d1936-2021
_q(Mejía-Ricart Guzmán)
_eautor
_4aut.
_91569
245 1 0 _aPsicología social y sus aplicaciones :
_bpsicología social básica /
_cTirso Mejía Ricart.
264 1 _aSanto Domingo
_bUniversidad Autónoma de Santo Domingo,
_c1997.
300 _avolumen ;
_c23 cm.
336 _atexto
_btxt
_2rdacontent
337 _asin mediación
_bn
_2rdamedia
338 _avolumen
_bnc
_2rdacarrier
490 1 _aPublicaciones ded la Universidad Autónoma de santo Domingo;
_v769
490 1 _aColección salud y sociedad
_v21
500 _aIncluye índice
500 _aIncluye datos biográficos del autor en las solapas
504 _aBibliografía : páginas 489
505 0 _aPerspectivas y recursos de la psicología social aplicada--
_tLas aplicaciones de la psicología social y sus metodos--
_tLa dinámica de los grupos --
_tLa psicología social aplicada a las artes y los servicios sociales --
_tPsicología del quehacer artístico--
_tPsicología social de la educación --
_tPsicología de la recreación y los deportes--
_tPsicología, calidad de vida y medio ambiente--
_tSalud, sociedad y comportamiento --
_tPsicología comunitaria--
_tPsicología comunitaria--
_tPsicología de la actividad económica y la gerencia--
_tPsicología de la gerencia--
_tPsicologia social en la industria y el comercio-
_tPsicologia del personal y relaciones del trabajo
_tLa propaganda y la publicidad
_tPsicología política y jurídica--
_tLa conducta política--
_tPsicología del conflicto y la negociación
_tPsicología juríca.
590 _aInventariado, 2025/BT
650 4 _aPsicología social
_91574
650 0 _aPsicología aplicada
_91579
650 4 _aActitud (Psicología)
_9852
650 4 _aConducta colectiva
_912036
830 _aPublicaciones de la Univesidad Autónoma de Santo Domingo;
_v769
_pColección salud y sociedad
_n21
_988784
910 _aValidado. Control de calidad MFF
942 _2ddc
_cLBS1
999 _c60030
_d60030